Thutmose III and Hatshepsut, Pharaohs of Egypt
Saved in:
Main Author:
Format: Book
Language: Undetermined
Published:
Cairo
American University in Cairo
2025
Subjects:
Tags: Add Tag
No Tags, Be the first to tag this record!
Call Number: On Hold
| LEADER | 00514nam a2200169Ia 4500 | ||
|---|---|---|---|
| 005 | 20260324113530.0 | ||
| 008 | 260324s9999||||xx |||||||||||||| ||und|| | ||
| 020 | |a 978-1649031594 | ||
| 050 | 4 | |a On Hold | |
| 100 | 0 | |a Aidan Dodson | |
| 245 | 1 | 0 | |a Thutmose III and Hatshepsut, Pharaohs of Egypt |c Aidan Dodson |
| 264 | 1 | |a Cairo |b American University in Cairo |c 2025 | |
| 300 | |a 257 pages |b illustrations, maps |c 25 cm | ||
| 650 | 4 | |a Hatshepsut | |
| 650 | 4 | |a King of Egypt | |
| 650 | 4 | |a Their Lives and Afterlives | |
| 999 | |c 61915 |d 61915 | ||
